| 000 | 00758nam a2200241 i 4500 | ||
|---|---|---|---|
| 001 | 34286 | ||
| 003 | ES-MaACL | ||
| 005 | 20250823063035.0 | ||
| 007 | t| | ||
| 008 | 030204s1979 sp ||||1| spa d | ||
| 100 | 1 |
_aBloch, Marc-André. _929516 |
|
| 245 | 1 | 0 |
_aTratado de psicología del niño _b: desarrollo afectivo y moral / _cMarc-André Bloch, H. Gratiot-Alphandéry. |
| 250 | _a2ª ed. | ||
| 260 |
_aMadrid : _bMorata, _c[1979] |
||
| 300 |
_a191 p. ; _c24 cm. |
||
| 490 | 1 |
_aColección psicología (Morata) _9218542 |
|
| 500 | _aTomo IV. | ||
| 700 | 1 |
_aGratiot-Alphandéry, Hélène. _959721 |
|
| 830 | 0 |
_aColección psicología (Morata) _9218542 |
|
| 852 |
_aES-MaACL _jA-9791 _bR.98868 |
||
| 942 | _2udc | ||
| 999 |
_c34286 _d34286 |
||